|
|
|
|
| LEADER |
01053nam a2200265 a 4500 |
| 001 |
149 |
| 003 |
BD-DhAAL |
| 008 |
091230s1967 caua b 000 0 eng d |
| 999 |
|
|
|c 6522
|d 6522
|
| 010 |
|
|
|a 67019290
|
| 040 |
|
|
|a DLC
|c DLC
|d DLC
|d BD-DhAAL
|
| 082 |
0 |
0 |
|a 519.5
|2 22
|
| 100 |
1 |
|
|a Mendenhall, William.
|9 40010
|
| 245 |
1 |
0 |
|a Introduction to probability and statistics /
|c William Mendenhall
|
| 250 |
|
|
|a Second edition
|
| 260 |
|
|
|a Belmont, Calif.,
|b Wadsworth Pub. Co.
|c 1967
|
| 300 |
|
|
|a xiii, 393 pages :
|b illustrations ;
|c 24 cm.
|
| 500 |
|
|
|a First ed. published in 1963 under title: Introduction to statistics.
|
| 504 |
|
|
|a Includes bibliographical references.
|
| 541 |
1 |
|
|e 00000149
|
| 650 |
|
0 |
|a Mathematical statistics.
|9 40011
|
| 650 |
|
0 |
|a Probabilities.
|9 40012
|
| 852 |
4 |
|
|a Ayesha Abed Library
|j General Stacks
|
| 942 |
|
|
|2 ddc
|c BK
|
| 952 |
|
|
|0 0
|1 0
|2 ddc
|4 0
|6 519_MEN_196700000000000
|7 0
|9 6620
|a BRACUL
|b BRACUL
|c GEN
|d 2009-12-30
|g 0.00
|l 6
|m 26
|o 519 MEN
|p 3010000149
|r 2026-05-19
|s 2026-04-05
|t 1
|w 2009-12-30
|y BK
|x No price found in the accession register.
|